000 00678nam a2200241Ia 4500
008 220216s9999 xx 000 0 und d
100 _aJayasree P K
245 0 _aGenetic analysis of somatic embryo-derived plants of Hevea brasiliensis (clone RRII 105) using RAPD markers
260 _bNatural Rubber Research
_c2010
300 _a20-27
650 _aGenetic stability
650 _aHevea brasiliensis
650 _aPolymorphism
650 _aRAPD markers
650 _aSomatic embryogenesis
700 _aJayashree R
700 _aKala R G
700 _aRekha K
700 _aSajeevan R S
700 _aSupriya R
700 _aThulaseedharan A
942 _cBS
999 _c48807
_d48807